Sudden Death: Misspellings #11 - Statistics

General Stats
  • This quiz has been taken 325 times
  • The average score is 8 of 16
Answers on the Grid
Answers color-coded by a green-red scale on the quiz's grid according to % correct below.
adolescent
espionage
extenuating
impediment
prophylactic
rendezvous
asthma
circumstantial
toboggan
fictitious
liveliest
metropolitan
inauguration
prescription
enthusiasm
thoroughly
barbituate
siphylis
quadraplegic
burgler
reconaissance
dispensible
consience
vetrinarian
forceably
appearence
posession
tendancy
medecine
eligable
picniking
unmanagable
 
Answer Stats
Answer % Correct
veterinarian vetrinarian
71%
medicine medecine
70%
picnicking picniking
68%
conscience consience
65%
eligible eligable
62%
possession posession
60%
appearance appearence
58%
syphilis siphylis
57%
burglar burgler
55%
tendency tendancy
52%
unmanageable unmanagable
38%
forcibly forceably
30%
quadriplegic quadraplegic
30%
reconnaissance reconaissance
28%
barbiturate barbituate
19%
dispensable dispensible
19%
No matching quizzes found
Score Distribution
Percent of People with Each Score
Percentile by Number Answered
Your Score History
You have not taken this quiz